000 00864nab a2200253 u 4500
001 17577
003 HDC
007 cr bn ---aaaaa
008 210224c20110416xx dr|noo 0 a eng d
040 _aHDC
100 _aTee, Lin Say
_eauthor
_98504
245 0 _aMalaysia: New index will position halal as an asset class / by
_cTee Lin Say
260 _a[No place] :
_b[publisher not identified],
_c2011
336 _atext
_2rdacontent
337 _acomputer
_2rdamedia
338 _aonline resource
_2rdacarrier
650 _a6th World Halal Forum (WHF)
_916897
650 _ahalal industry
_9144
710 _aHalal focus
856 _zRequest full-text at [email protected]
942 _2lcc
942 _cNEWS
942 _kNWSO 005956
999 _c14893
_d14893